<?xml version="1.0" encoding="UTF-8"?>
<collection xmlns="http://www.loc.gov/MARC21/slim">
<record>
  <controlfield tag="001">158195</controlfield>
  <controlfield tag="005">20250904103324.0</controlfield>
  <datafield tag="037" ind1=" " ind2=" ">
    <subfield code="a">GDOC-2024-28442</subfield>
  </datafield>
  <datafield tag="970" ind1=" " ind2=" ">
    <subfield code="a">GDOC-2024-28442</subfield>
  </datafield>
  <datafield tag="041" ind1=" " ind2=" ">
    <subfield code="a">spa</subfield>
  </datafield>
  <datafield tag="041" ind1=" " ind2=" ">
    <subfield code="a">eng</subfield>
  </datafield>
  <datafield tag="540" ind1=" " ind2=" ">
    <subfield code="a">by-nc-sa</subfield>
    <subfield code="b">Creative Commons</subfield>
    <subfield code="c">3.0</subfield>
    <subfield code="u">http://creativecommons.org/licenses/by-nc-sa/3.0/</subfield>
  </datafield>
  <datafield tag="260" ind1=" " ind2=" ">
    <subfield code="a">Zaragoza</subfield>
    <subfield code="b">Universidad de Zaragoza</subfield>
    <subfield code="c">2024-2025</subfield>
  </datafield>
  <datafield tag="245" ind1="0" ind2="0">
    <subfield code="9">28442</subfield>
    <subfield code="a">Prácticum clínico en especies de abasto</subfield>
  </datafield>
  <datafield tag="242" ind1="0" ind2="0">
    <subfield code="9">28442</subfield>
    <subfield code="a">Clinical Practice: Production Animals</subfield>
  </datafield>
  <datafield tag="100" ind1=" " ind2=" ">
    <subfield code="0">(orcid)0000-0001-5105-6133</subfield>
    <subfield code="a">Cristina Acín, Tresaco</subfield>
    <subfield code="1">403123</subfield>
  </datafield>
  <datafield tag="700" ind1=" " ind2=" ">
    <subfield code="a">Álvaro Aranda, Luesma</subfield>
    <subfield code="1">561244</subfield>
  </datafield>
  <datafield tag="700" ind1=" " ind2=" ">
    <subfield code="0">(orcid)0000-0002-6770-3400</subfield>
    <subfield code="a">María Cruz Arnal, Barrera</subfield>
    <subfield code="1">344595</subfield>
  </datafield>
  <datafield tag="700" ind1=" " ind2=" ">
    <subfield code="a">José María Bello, Dronda</subfield>
    <subfield code="1">118540</subfield>
  </datafield>
  <datafield tag="700" ind1=" " ind2=" ">
    <subfield code="a">Julia Cantín, Labarta</subfield>
    <subfield code="1">696154</subfield>
  </datafield>
  <datafield tag="700" ind1=" " ind2=" ">
    <subfield code="0">(orcid)0000-0003-2085-2633</subfield>
    <subfield code="a">Jesús Comenge, Gracia</subfield>
    <subfield code="1">137909</subfield>
  </datafield>
  <datafield tag="700" ind1=" " ind2=" ">
    <subfield code="a">Mario Enguita, Lozano</subfield>
    <subfield code="1">431785</subfield>
  </datafield>
  <datafield tag="700" ind1=" " ind2=" ">
    <subfield code="0">(orcid)0000-0003-3289-4267</subfield>
    <subfield code="a">Daniel Fernández de Luco, Martínez</subfield>
    <subfield code="1">106272</subfield>
  </datafield>
  <datafield tag="700" ind1=" " ind2=" ">
    <subfield code="0">(orcid)0000-0002-9723-9004</subfield>
    <subfield code="a">Alex Gómez, Calvo</subfield>
    <subfield code="1">738661</subfield>
  </datafield>
  <datafield tag="700" ind1=" " ind2=" ">
    <subfield code="0">(orcid)0000-0003-2238-2233</subfield>
    <subfield code="a">Juan Grandia, Torner</subfield>
    <subfield code="1">152600</subfield>
  </datafield>
  <datafield tag="700" ind1=" " ind2=" ">
    <subfield code="a">Lucas Grasa, Mateo</subfield>
    <subfield code="1">698398</subfield>
  </datafield>
  <datafield tag="700" ind1=" " ind2=" ">
    <subfield code="0">(orcid)0000-0002-0827-110X</subfield>
    <subfield code="a">Carlos Alfonso Hedman, Altamirano</subfield>
    <subfield code="1">622293</subfield>
  </datafield>
  <datafield tag="700" ind1=" " ind2=" ">
    <subfield code="0">(orcid)0000-0003-3792-287X</subfield>
    <subfield code="a">Marcelo de las Heras, Guillamón</subfield>
    <subfield code="1">387759</subfield>
  </datafield>
  <datafield tag="700" ind1=" " ind2=" ">
    <subfield code="0">(orcid)0000-0002-2053-9842</subfield>
    <subfield code="a">Lluis Luján, Lerma</subfield>
    <subfield code="1">147798</subfield>
  </datafield>
  <datafield tag="700" ind1=" " ind2=" ">
    <subfield code="a">Paula Ariadna Marco, Lorente</subfield>
    <subfield code="1">716602</subfield>
  </datafield>
  <datafield tag="700" ind1=" " ind2=" ">
    <subfield code="a">Ismael Marzo, Cardo</subfield>
    <subfield code="1">327381</subfield>
  </datafield>
  <datafield tag="700" ind1=" " ind2=" ">
    <subfield code="0">(orcid)0000-0001-6629-6842</subfield>
    <subfield code="a">Bernardino Moreno, Burgos</subfield>
    <subfield code="1">139838</subfield>
  </datafield>
  <datafield tag="700" ind1=" " ind2=" ">
    <subfield code="0">(orcid)0000-0002-4557-6033</subfield>
    <subfield code="a">Teresa Navarro, Rodrigo</subfield>
    <subfield code="1">615632</subfield>
  </datafield>
  <datafield tag="700" ind1=" " ind2=" ">
    <subfield code="0">(orcid)0000-0001-6955-355X</subfield>
    <subfield code="a">José Luis Olleta, Castañer</subfield>
    <subfield code="1">386762</subfield>
  </datafield>
  <datafield tag="700" ind1=" " ind2=" ">
    <subfield code="0">(orcid)0000-0002-6282-5038</subfield>
    <subfield code="a">María Ángeles Ramo, Gil</subfield>
    <subfield code="1">309375</subfield>
  </datafield>
  <datafield tag="700" ind1=" " ind2=" ">
    <subfield code="a">Antonio Vela, Bello</subfield>
    <subfield code="1">317450</subfield>
  </datafield>
  <datafield tag="830" ind1=" " ind2=" ">
    <subfield code="9">451</subfield>
  </datafield>
  <datafield tag="856" ind1="4" ind2=" ">
    <subfield code="s">54655</subfield>
    <subfield code="u">http://zaguan.unizar.es/record/158195/files/guia-28442-es.pdf</subfield>
    <subfield code="y">Guía (idioma español)</subfield>
  </datafield>
  <datafield tag="856" ind1="4" ind2=" ">
    <subfield code="s">9747</subfield>
    <subfield code="u">http://zaguan.unizar.es/record/158195/files/guia-28442-en.pdf</subfield>
    <subfield code="y">Guide (english)</subfield>
  </datafield>
  <datafield tag="521" ind1=" " ind2=" ">
    <subfield code="9">130</subfield>
    <subfield code="a">Grado en Veterinaria</subfield>
    <subfield code="b">Degree in Veterinary Science</subfield>
  </datafield>
  <datafield tag="980" ind1=" " ind2=" ">
    <subfield code="a">GDOC</subfield>
    <subfield code="b">Health Sciences</subfield>
    <subfield code="b">Ciencias de la Salud</subfield>
    <subfield code="c">105</subfield>
  </datafield>
</record>
</collection>